| 000 | 00388nam a2200145 i 4500 | ||
|---|---|---|---|
| 001 | 28392 | ||
| 003 | ES-MaACL | ||
| 007 | t| | ||
| 008 | 030117s1983 sp ||||1| spa d | ||
| 100 | 1 |
_aBaon, Rogelio. _925246 |
|
| 245 | 1 | 0 |
_aFraga, genio y figura / _cRogelio Baon. |
| 260 |
_aMadrid : _bEl Burgo, _c[1983] |
||
| 300 |
_a144 p. : _bil. ; _c30 cm. |
||
| 852 |
_aES-MaACL _jL-6094 _bR.106800 |
||
| 999 |
_c28392 _d28392 |
||